000
00330nam a2200133 a 4500
005
20141022141959.0
008
120306s19uu xx 00 eng d
050
_a
CD-ROM
_b
H67 2001
100
_a
Hofstetter, Fred T.
245
_a
Multimedia literacy /
_c
Fred Hofstetter.
250
_a
3rd ed.
260
_c
2001.
942
_c
AVM
999
_c
276139
_d
276139